Countries by Shortest Unique Initial Letter Sequences - Statistics

General Stats
  • This quiz has been taken 339 times
  • The average score is 19 of 21
Answer Stats
Sequence Country % Correct
NIGERI Nigeria
100%
TURKE Turkey
98%
GER Germany
97%
GH Ghana
97%
MALAY Malaysia
97%
SLOVE Slovenia
97%
ZA Zambia
97%
LEB Lebanon
96%
O Oman
96%
SY Syria
95%
TURKM Turkmenistan
95%
GREE Greece
90%
PE Peru
90%
TH Thailand
88%
NET Netherlands
87%
EG Egypt
86%
ET Ethiopia
85%
LU Luxembourg
82%
LIE Liechtenstein
79%
EA East Timor
72%
ME Mexico
72%
No matching quizzes found
Score Distribution
Percent of People with Each Score
Percentile by Number Answered
Your Score History
You have not taken this quiz